000 00681nam a2200289Ia 4500
005 20260324134307.0
008 008 260324s9999 xx 000 0 eng d
020 _a9780203167021
037 _aEBOOK
040 _aCRL
040 _beng
040 _cCRL
041 _2eng
041 _aeng
084 _qCRL
100 _aSimon Cooper
_91078441
245 0 _aTechnoculture and Critical Theory
245 0 _bIn the Service of the Machine?
260 _bTaylor and Francis
260 _c2002
365 _a
365 _b230
856 _uhttp://www.taylorfrancis.com/books/9780203167021
942 _cEBOOK
999 _c1796215
_d1796215